Globalization governance and sustainable development / (Record no. 77221)

MARC details
000 -LEADER
fixed length control field 00605nam a22001937a 4500
005 - DATE AND TIME OF LATEST TRANSACTION
control field 20130813112308.0
010 ## - LCCN (DPL NO)
LC control number ENG-107875
020 ## - INTERNATIONAL STANDARD BOOK NUMBER
International Standard Book Number 9788180642371
Terms of availability 200.00
035 ## - SYSTEM CONTROL NUMBER
System control number EN-91408
037 ## - SOURCE OF ACQUISITION
Source of stock number/acquisition DBAD/PUB
082 ## - DEWEY DECIMAL CLASSIFICATION NUMBER
Classification number 320.954
245 00 - TITLE STATEMENT
Title Globalization governance and sustainable development /
Statement of responsibility, etc edited by Chhanda Karfa [and] Mitrajit Chatterjee
260 ## - PUBLICATION, DISTRIBUTION, ETC. (IMPRINT)
Place of publication, distribution, etc Kolkata
Name of publisher, distributor, etc Progressive Publishers
Date of publication, distribution, etc 2013
270 ## - ADDRESS
Address 37A, College Street
City Kolkata
300 ## - PHYSICAL DESCRIPTION
Extent 231p.
Dimensions 22cm(pbk)
700 ## - ADDED ENTRY--PERSONAL NAME
Personal name Karfa, Chhanda
700 ## - ADDED ENTRY--PERSONAL NAME
Personal name Chatterjee, Mitrajit
942 ## - ADDED ENTRY ELEMENTS (KOHA)
Source of classification or shelving scheme Dewey Decimal Classification
Item type English Books
Call number suffix GLO
Classification part 320.954
Holdings
Withdrawn status Lost status Not for loan Collection code Home library Current library Date acquired Source of acquisition Cost, normal purchase price Full call number Barcode Copy number Cost, replacement price Koha item type
    Not For Loan Non-fiction D.B.Act.Division D.B.Act.Division 05/07/2013 DBAD/PUB 200.00 320.954 GLO EN-91408 1 200.00 English Books

© Delhi Public Library
Hit Counter
free hit counter